Handbook of integrated circuits: For engineers and technicians (Record no. 29731)

MARC details
000 -LEADER
fixed length control field 00301nam a2200109Ia 4500
082 ## - DEWEY DECIMAL CLASSIFICATION NUMBER
Classification number 621.3.04(035)
Item number LEN
100 ## - MAIN ENTRY--AUTHOR NAME
Personal name John D
245 #0 - TITLE STATEMENT
Title Handbook of integrated circuits: For engineers and technicians
260 ## - PUBLICATION, DISTRIBUTION, ETC. (IMPRINT)
Place of publication Reston
Name of publisher Reston
Year of publication 1978
942 ## - ADDED ENTRY ELEMENTS (KOHA)
Koha item type Books
Holdings
Withdrawn status Lost status Damaged status Not for loan Home library Current library Date acquired Full call number Accession Number Koha item type
        RRII Library RRII Library 16/12/2021 621.3.04(035) LEN 10313 Books